| 000 | 00471nam a22001817a 4500 | ||
|---|---|---|---|
| 003 | CEME | ||
| 005 | 20210628204302.0 | ||
| 008 | 210202b xxu||||| |||| 00| 0 eng d | ||
| 020 | _a0-07-242793-0 | ||
| 040 | _c. | ||
| 082 | _a658.8 INT | ||
| 100 |
_aRichardson, Paul _969743 |
||
| 245 | _aInternet marketing, readings and online resources | ||
| 260 |
_aNEW YORK _bMCGRAW HILL _c2001 |
||
| 300 | _aXII,350P | ||
| 650 |
_aINTERNET MARKETING _914674 |
||
| 942 |
_cBK _2ddc |
||
| 999 |
_c576886 _d576886 |
||